000 00364nam a22001457a 4500
999 _c197526
_d197526
008 230824b ||||| |||| 00| 0 eng d
082 _a230.42-M.SRI
100 _aM.SRI
245 _aOn Meditation
_hEnglish
260 _aDelhi
_bA.I.C.B.
_cRohini
270 _aA.I.C.B. Rohini, Delhi
300 _a12x13
490 _v1-2
942 _2ddc
_cBRLEN
_k230.42
_mM.SRI